Biggest Cities Starting with C by Country - Statistics

General Stats
  • This quiz has been taken 257 times
  • The average score is 28 of 129
Answers on the Map
Answers color-coded by a green-red scale on the quiz's map according to % correct below.
 
Answer Stats
Country City Population % Correct
United States Chicago 2,693,976
96%
Egypt Cairo 9,293,612
91%
South Africa Cape Town 3,430,992
91%
Canada Calgary 1,237,656
89%
Australia Canberra 432,141
88%
Venezuela Caracas 2,087,700
87%
Denmark Copenhagen 1,330,993
87%
Morocco Casablanca 3,359,818
85%
Germany Cologne 1,087,863
85%
Ireland Cork 125,622
82%
India Chennai 8,653,521
81%
Sri Lanka Colombo 561,314
78%
Argentina Córdoba 1,612,100
77%
Spain Córdoba 325,701
77%
Moldova Chisinau 532,513
75%
New Zealand Christchurch 383,200
75%
Colombia Cali 2,205,700
73%
Guinea Conakry 1,660,973
73%
China Chengdu 7,701,692
69%
Bangladesh Chittagong 2,582,401
66%
Philippines Cebu 2,476,708
62%
Italy Catania 311,402
61%
Mexico Chihuahua 932,600
61%
Brazil Curitiba 1,948,630
61%
Benin Cotonou 679,012
56%
United Kingdom Coventry 382,073
56%
Russia Chelyabinsk 1,196,680
55%
Romania Cluj-Napoca 324,576
52%
Belgium Charleroi 202,746
48%
Saint Lucia Castries 10,634
41%
Angola Cabinda 550,000
40%
Bolivia Cochabamba 632,013
39%
Portugal Coimbra 105,842
38%
Chile Concepción 722,929
36%
Algeria Constantine 448,028
32%
France Clermont-Ferrand 143,886
31%
Cuba Camagüey 310,182
27%
Japan Chiba 977,247
27%
Vietnam Can Tho 812,088
23%
South Korea Changwon 1,059,813
23%
Ukraine Chernihiv 286,899
21%
El Salvador Colón 142,400
21%
Poland Częstochowa 220,433
21%
Greece Chanía 88,525
17%
Turkey Çorlu 288,692
17%
Ecuador Cuenca 329,928
16%
Haiti Carrefour 430,250
15%
Peru Chiclayo 651,100
15%
Trinidad and Tobago Chaguanas 83,516
14%
North Korea Chongjin 614,892
12%
Switzerland Chur 35,470
12%
Ghana Cape Coast 169,894
10%
Zimbabwe Chitungwiza 356,840
10%
Nigeria Calabar 310,839
9%
Slovenia Celje 38,078
7%
Czech Republic České Budějovice 94,463
7%
Mozambique Chimoio 363,336
7%
Montenegro Cetinje 13,918
6%
F. S. Micronesia Colonia 3,126
6%
Uruguay Colonia del Sacramento 26,231
6%
Costa Rica Cartago 232,300
5%
Saint Kitts and Nevis Charlestown 1,847
5%
Zambia Chingola 185,246
5%
Indonesia Cimahi 541,177
5%
Andorra Canillo 2,213
4%
Nicaragua Chinandega 112,727
4%
Guatemala Cobán 212,047
4%
Serbia Čačak 73,331
3%
Iran Chabahar 106,739
3%
Mauritius Curepipe 78,513
3%
Croatia Čakovec 15,147
2%
Paraguay Capiatá 241,000
2%
Central African Republic Carnot 45,421
2%
Hungary Cegléd 35,545
2%
Latvia Cēsis 14,960
2%
Myanmar Chauk 45,076
2%
Pakistan Chiniot 278,747
2%
Mongolia Choibalsan 46,710
2%
Belize Corozal 13,314
2%
Slovakia Čadca 23,941
1%
Dominica Canefield 3,324
1%
Bosnia and Herzegovina Cazin 13,863
1%
Tanzania Chake Chake 27,700
1%
Taiwan Chiayi 267,690
1%
Uzbekistan Chirchik 157,220
1%
Bulgaria Chirpan 16,133
1%
Malawi Chitipa 17,743
1%
Honduras Choloma 202,000
1%
Kenya Chuka 22,388
1%
Malaysia Chukai 63,159
1%
Burundi Cibitoke 23,885
1%
Luxembourg Clervaux 5,463
1%
Dominican Republic Cotuí 47,905
1%
Netherlands Culemborg 27,185
1%
Rwanda Cyangugu 27,416
1%
Liberia Caldwell 26,235
0%
Cape Verde Calheta de São Miguel 4,220
0%
Guinea-Bissau Canchungo 12,044
0%
Seychelles Cascade 3,842
0%
Lithuania Čekiškė 682
0%
Albania Cërrik 6,695
0%
Botswana Chadibe 4,939
0%
Ethiopia Chagni 36,400
0%
Iraq Chamchamal 65,274
0%
Laos Champhone 15,658
0%
Comoros Chandra 6,179
0%
Nepal Chandragiri 85,198
0%
Armenia Charentsavan 20,400
0%
Afghanistan Charikar 65,900
0%
Saint Vincent Chateaubelair 735
0%
North Macedonia Chegrane 6,980
0%
Belarus Chervyen 10,600
0%
Cambodia Chhlong 6,931
0%
Georgia Chiatura 12,600
0%
San Marino Chiesanuova 1,152
0%
Tunisia Chihia 26,300
0%
Mauritania Chinguetti 3,227
0%
Panama Chitré 48,479
0%
Kyrgyzstan Cholpon-Ata 13,913
0%
Jamaica Christiana 8,430
0%
Papua New Guinea Chuave 1,418
0%
Bhutan Chukha 1,842
0%
Thailand Chuophraya Surasak 143,024
0%
Antigua and Barbuda Clare Hall 1,359
0%
Gabon Cocobeach 2,591
0%
Equatorial Guinea Cogo 4,693
0%
Sao Tome and Principe Conde 1,800
0%
Bahamas Coopers Town 9,069
0%
Guyana Corriverton 10,242
0%
No matching quizzes found
Score Distribution
Percent of People with Each Score
Percentile by Number Answered
Your Score History
You have not taken this quiz